00421nam a22001457a 450000500170000000800410001702000150005804100130007308200130008610000130009924500630011226000480017530000270022365000250025020231205142625.0231205b |||||||| |||| 00| 0 eng d a0702137073 aEnglish  a348 JUT  lEnglish  aJuta's Statutes of South Africa /cJUTA'S STATUTES EDITOR  aCape Town : bJuta and Company Ltd, c1995  b78 pages ; c25,5 cm.  aLegal practice bLaw